000 005250000a22001930004500
999 _c48697
_d48697
001 1537
003 CO-MdFUSB
005 20180410145518.0
008 171025b xxu||||| |||| 00| 0 eng d
020 _a958-04-0737-1
040 _cCO-MdBIC
082 0 4 _a868LM Ta65td
100 1 _aGarcía Domínguez, Ramón
245 1 0 _aíPor todos los dioses...! / Ramón García Domínguez ; ilustración de Juan Carlos Nicholls
260 _aBogotá : Norma
300 _a120 P.
500 _aA partir de 11 años
942 _cLGB